000 00543nam a2200205Ia 4500
005 20250923144408.0
008 008 250917s9999 xx 000 0 eng d
037 _aTextual
040 _aDSWL
_beng
_cDSWL
041 _aeng
_2eng
084 _aT:3(YX).73, N46;1
_qDSWL
100 _aMacadam, E
_9824453
245 0 _aSocial servant in the making
_cby E Macadam
260 _c1946
300 _a145 p.
365 _aINR
_b6
925 _g6
942 _cTEXL
_hT:3(YX).73, N46;1
999 _c1438323
_d1438323